000 00494nam a2200169Ia 4500
999 _c58566
_d58563
082 _aR/5BS(CS)09
100 _aRavi Kumar
100 _aRoll No. 09BS(CS)42
100 _aSupervisor - Ms. Mehwish Leghari
245 0 _aQUEST Fees Management System.
260 _aNawabshah
_bQUEST
_c2013
300 _a47p
700 _aSyed Naz Ali Shah (Roll No. 09BS(CS)36)
700 _aZaid Ahmed Dahri (Roll No. 09BS(CS)17)
700 _aMuhammad Salahuddin (Roll No. 09BS(CS)16)
942 _cTHESIS